Charlotte Hornets 2024-2025 Roster - Statistics

General Stats
  • This quiz has been taken 56 times
    29 since last reset
  • The average score is 11 of 18
Answer Stats
Jersey # Answer % Correct
1 LaMelo Ball
100%
2 Grant Williams
95%
5 Mark Williams
95%
24 Brandon Miller
86%
0 Miles Bridges
81%
10 Josh Green
76%
14 Moussa Diabate
71%
23 Tre Mann
71%
30 Seth Curry
67%
31 Tidjane Salaun
67%
25 KJ Simpson
62%
8 Nick Smith Jr
57%
11 Jusuf Nurkic
52%
67 Taj Gibson
52%
3 DaQuan Jeffries
33%
12 Josh Okogie
33%
22 Elfrid Payton
10%
18 Damion Baugh
0%
No matching quizzes found
Score Distribution
Percent of People with Each Score
Percentile by Number Answered
Your Score History
You have not taken this quiz since the last reset